<?xml version="1.0" encoding="UTF-8"?>
<collection xmlns="http://www.loc.gov/MARC21/slim">
 <record>
  <leader>00585pamaa2200169   4500</leader>
  <controlfield tag="001">0000021453</controlfield>
  <controlfield tag="005">20061115090000.0</controlfield>
  <datafield tag="020" ind1="0" ind2="0">
   <subfield code="a">0140176624 </subfield>
  </datafield>
  <datafield tag="090" ind1="0" ind2="0">
   <subfield code="a">PR6051.R28 </subfield>
   <subfield code="b">CRI 1996</subfield>
  </datafield>
  <datafield tag="100" ind1="1" ind2="0">
   <subfield code="a">CRICK </subfield>
  </datafield>
  <datafield tag="245" ind1="1" ind2="0">
   <subfield code="a">Jeffrey Archer : </subfield>
   <subfield code="b">stranger than fiction  </subfield>
   <subfield code="c">Michael Crick.</subfield>
  </datafield>
  <datafield tag="260" ind1="0" ind2="0">
   <subfield code="a">London: </subfield>
   <subfield code="b">Penguin Books, </subfield>
   <subfield code="c">1996.</subfield>
  </datafield>
  <datafield tag="300" ind1=" " ind2=" ">
   <subfield code="a">xxi, 467p.[24]p. of plates; </subfield>
   <subfield code="c">20cm.</subfield>
  </datafield>
  <datafield tag="600" ind1="1" ind2="0">
   <subfield code="a">Archer, Jeffrey, 1940-</subfield>
  </datafield>
  <datafield tag="650" ind1="0" ind2="0">
   <subfield code="a">Politicians -- </subfield>
   <subfield code="x">Biography -- </subfield>
   <subfield code="z">Great Britain </subfield>
  </datafield>
  <datafield tag="650" ind1="0" ind2="0">
   <subfield code="a">Novelists, English -- </subfield>
   <subfield code="x">Biography -- </subfield>
   <subfield code="y">20th century </subfield>
  </datafield>
  <datafield tag="651" ind1="0" ind2="0">
   <subfield code="a">Great Britain -- </subfield>
   <subfield code="x">Politics and government -- </subfield>
   <subfield code="y">1945- </subfield>
  </datafield>
 </record>
</collection>
